| 000 | 00535nam a2200181Ia 4500 | ||
|---|---|---|---|
| 005 | 20251020182617.0 | ||
| 008 | 200515s9999 xx 000 0 und d | ||
| 082 | _aSC/696.1/V44TF | ||
| 110 | _aInce | ||
| 245 | 0 | _aPlomería: Tarea-Formación | |
| 260 | _aCaracas | ||
| 260 | _c1973 | ||
| 300 | _as.n. | ||
| 520 | _aConstituido por una serie de órdenes de trabajo (tareas) relativas al oficio de plomería, expresadas en forma de planos e isometrías | ||
| 650 | _aINSTALACIONES SANITARIAS | ||
| 650 | _aPUB INCE | ||
| 942 | _cLIB | ||
| 999 |
_c3548 _d3548 |
||